Bois à épigraphes /
محفوظ في:
المؤلف الرئيسي:
التنسيق: كتاب
اللغة: French
سلاسل:
Matḥaf al-Fann al-Islāmī (Cairo, Egypt).
الموضوعات:
الوسوم: إضافة وسم
لا توجد وسوم, كن أول من يضع وسما على هذه التسجيلة!
رقم الطلب: ( R )NK9708 .C3 v.1-2
| LEADER | 01223nam a2200325K 4500 | ||
|---|---|---|---|
| 001 | 10193 | ||
| 003 | OSt | ||
| 005 | 20210315055204.0 | ||
| 008 | 130303s1936 ua g 000 0 fre d | ||
| 952 | |0 0 |1 0 |2 lcc |4 0 |7 1 |9 11054 |a ARCE |b ARCE |d 2021-03-15 |l 0 |o ( R )NK9708 .C3 v.1-2 |r 2021-03-15 00:00:00 |w 2021-03-15 |y BK | ||
| 999 | |c 10005 |d 10005 | ||
| 040 | |c ARCE Library | ||
| 043 | |a f-ua--- | ||
| 050 | 0 | 4 | |a ( R )NK9708 .C3 v.1-2 |
| 100 | 1 | |a David-Weill, J. |q (Jean), |e author | |
| 245 | 1 | 0 | |a Bois à épigraphes / |c par Jean David-Weill. |
| 264 | 1 | |a Le Caire : |b Impr. de l'Institut français d'archd́eologie orientale, |c 1931-36. | |
| 300 | |a 2 volumes ; |c 35 cm. | ||
| 336 | |a text |b txt |2 rdacontent | ||
| 337 | |a unmediated |b n |2 rdamedia | ||
| 338 | |a volume |b nc |2 rdacarrier | ||
| 490 | 0 | |a Matḥaf al-Fann al-Islāmī (Cairo, Egypt). | |
| 505 | |a t. 1. Jusqu'à l'époque mamlouke. -- t. 2. Époques mamlouke et ottomane. | ||
| 650 | 0 | |a Art, Mameluke |z Egypt. | |
| 650 | 0 | |a Art, Ottoman |z Egypt. | |
| 852 | |a IN |c 20090707085704.0n |p 9925 | ||
| 901 | |a reviewed | ||
| 942 | |c BK |2 lcc | ||
| 945 | |a ( R )NK9708 .C3 v.1-2 |g 1 |i mq245499 |l 1arce |o z |p $0.00 |q |r |s w |t 0 |u 0 |v 0 |w 0 |x 0 |y .i3152574x |z 02-04-08 | ||
| 949 | |a ( R )NK9708 .C3 v.1-2 | ||
